| 000 | 00345 a2200109 4500 | ||
|---|---|---|---|
| 001 | ART_9305 | ||
| 005 | 20260410161643.0 | ||
| 008 | 260409a | ||
| 245 | 1 | 0 | _aOperaciones en moneda extranjera. Sus implicancias impositivas |
| 100 | 1 | _aPerelli, Eduardo | |
| 773 | 0 |
_tConsultor tributario _g- Año 6, Nº 67 (sep. 2012) _wREV474 |
|
| 999 |
_c13497 _d13497 |
||